000 00761nam a2200265Ia 4500
005 20250425162812.0
008 250425s9999 xx 000 0 und d
020 _a97899420353
041 _aspa
043 _aec
082 _a361.763068
100 _aARAQUE JARAMILLO, WILSON ED
245 0 _aSOTENIBILIDAD EN EL EMPRENDIMIENTO Y LAS MIPYME
250 _a1A ED
260 _aEcuador
_bCORPORACION EDITORA NACIONAL
_c2019
260 _aQUITO
300 _a246
500 _aDONADO POR XAVIER ORDEÑANA
500 _aTítulo Traducido: SOTENIBILIDAD EN EL EMPRENDIMEINTO Y LAS MIPYME
650 _aEMPRENDIMIENTO SOSTENIBLE
650 _aGESTION EMPRESARIAL
650 _aSUSTENTABILIDAD Y COMPETITIVIDAD
942 _c01
010 _a109171
999 _c236721
_d236721